| 000 | 00823nam a2200241 a 4500 | ||
|---|---|---|---|
| 001 | BRL_1389 | ||
| 005 | 20190320211200.0 | ||
| 008 | 100114s1985----u--a#ob###---#000-0#eng-# | ||
| 020 | _a0914155040 | ||
| 041 | _aeng | ||
| 044 | _au | ||
| 050 | 4 |
_aNB1270.P3 _b.P37 1985 |
|
| 245 | 1 | 0 |
_aPaper innovations _bhandmade paper and handmade objects of cut, folded and molded paper _cdesigned and edited by Martha Longenecker. |
| 260 |
_aLa Jolla, CA. _bMingei International Museum of World Folk Art _c1985 |
||
| 300 |
_a127 p. _bil., fotografías (a color), mapas _c22 cm. |
||
| 500 | _aAu1635 | ||
| 500 | _aIncluye dedicatoria a Ruth Lechuga | ||
| 650 | 1 | 4 |
_aPapel, Trabajos en _vExposiciones _926745 |
| 650 | 1 | 4 |
_aOrigami _vExposiciones _926746 |
| 700 | 1 |
_aLongenecker, Martha _eed. _926747 |
|
| 902 | _aGRL | ||
| 942 |
_2lcc _cB |
||
| 999 |
_c10200 _d10200 |
||